000 00232nam a22000857a 4500
008 170111b xxu||||| |||| 00| 0 eng d
100 _92314
_aSharma. R
245 _aFrank Environmental Studies-7
260 _aNew Delhi
_bFrank Brothers
_c2007
999 _c5244
_d5244